| 000 | 00860nam a22002297a 4500 | ||
|---|---|---|---|
| 001 | 2490 | ||
| 003 | HMS | ||
| 005 | 20250611123642.0 | ||
| 008 | 250611e1994 cl ao||frntou 001 0 spa | ||
| 020 | _a8478690271 | ||
| 040 |
_ahms _bspa _chms |
||
| 050 | 4 |
_aWL340.2 _bN677 |
|
| 100 | 1 |
_aNieto Herrera, Margarita E. _eautor _93492 |
|
| 245 | 1 | 0 |
_aRetardo del lenguaje : _bSugerencias Pedagógicas / _cMargarita E. Nieto Herrera _h[libro] _n11 |
| 260 |
_aMadrid, España : _bCEPE, _c1994 |
||
| 300 |
_a181 páginas : _bilustraciones |
||
| 490 | 1 | _aColección Educación Infantil | |
| 500 | _aIncluye índice | ||
| 505 | _a1. Evolución del lenguaje en el niño. -- 2. Evaluación del lenguaje infantil. -- 3. Retardo de lenguaje. -- 4. Sugerencias pedagógicas. -- 5. Ejercicios prácticos. | ||
| 650 | 7 |
_aPatologías del lenguaje _93493 |
|
| 942 |
_2ddc _cCOL. RES. _n0 |
||
| 999 |
_c2490 _d2490 |
||